Score 0/20 Timer 04:00
1 Play Today
Hint Answer % Correct
Captain America
97.9%
Wonder Woman
85.9%
Link
76.4%
Death Star
76.1%
He-Man
74.4%
William Wallace
65.4%
Enterprise
63.5%
Bucky Barnes
61.9%
Tyrion Lannister
59.2%
Maximus Decimus Meridius
48%
Hint Answer % Correct
Welder
47.8%
Spartacus
43.3%
Sam Wilson
42.7%
Black Knight
29.8%
Master Chief
26.3%
Taskmaster
24%
Red Guardian
19.3%
Patriot
13.2%
Guardian
9.4%
Major Victory
4.8%
Remove Ads.
Support Sporcle.
Get the best of Sporcle when you Go Orange. This ad-free experience offers more features, more stats, and more fun while also helping to support Sporcle. Thank you for becoming a member.

You're not logged in!

Compare scores with friends on all Sporcle quizzes.
OR
Log In

Sporcle TV

Today on Sporcle TV


Watch our educational content, quiz creation guides, and fun videos on Sporcle TV.

Show Comments

Extras

Top Quizzes Today


Score Distribution

Paid Content

Your Account Isn't Verified!

In order to create a playlist on Sporcle, you need to verify the email address you used during registration. Go to your Sporcle Settings to finish the process.

Report this User

Report this user for behavior that violates our Community Guidelines.

Details: